Loading...
| Science - Chemistry | 0 | 4 | 0 | 2 | 40 | 55 | 101.75 | 1 | 3 | 0.00 | 0.00 |
| History - American | 0 | 3 | 0 | 0 | 30 | 12 | 44.00 | 2 | 3 | 0.00 | 0.00 |
| History - European | 0 | 4 | 2 | 1 | 30 | 60 | 85.00 | 0 | 3 | 0.00 | 0.00 |
| Mythology | 0 | 2 | 0 | 0 | 20 | 88 | 92.50 | 0 | 2 | 0.00 | 0.00 |
| History - Other | 0 | 2 | 0 | 0 | 20 | 36 | 62.50 | 1 | 2 | 0.00 | 0.00 |
| Fine Arts - Painting and Sculpture | 0 | 1 | 0 | 1 | 10 | 127 | 127.00 | 0 | 0 | 0.00 | 0.00 |
| Literature - European | 0 | 1 | 0 | 0 | 10 | 43 | 43.00 | 1 | 1 | 0.00 | 0.00 |
| Social Science | 0 | 1 | 0 | 1 | 10 | 110 | 110.00 | 0 | 1 | 0.00 | 0.00 |
| Science - Biology | 0 | 1 | 1 | 0 | 5 | 62 | 62.00 | 0 | 1 | 0.00 | 0.00 |
| Science - Physics | 0 | 1 | 1 | 0 | 5 | 92 | 92.00 | 0 | 1 | 0.00 | 0.00 |
| Religion | 0 | 1 | 2 | 0 | 0 | 96 | 96.00 | 0 | 1 | 0.00 | 0.00 |
| Science - Other | 0 | 1 | 2 | 0 | 0 | 97 | 97.00 | 0 | 1 | 0.00 | 0.00 |
| History - World | 0 | 0 | 1 | 0 | -5 | 0.00 | 0 | 0 | 0.00 | 0.00 | |
| Philosophy | 0 | 0 | 1 | 0 | -5 | 0.00 | 0 | 0 | 0.00 | 0.00 |